000 01182cam a2200361 a 4500
001 ocn441135868
003 OSt
005 20140310182505.0
008 100112s2011 mou b 001 0 eng
010 _a2010001064
020 _a9781416053316 (pbk. : alk. paper)
020 _a141605331X (pbk. : alk. paper)
040 _aDNLM/DLC
_cDLC
_dYDX
_dYDXCP
_dCVU
042 _apcc
049 _aCVUA
050 _aRB 45.15
_b.P75 2011
096 _aQY18.2
_b.P75 2011
100 1 _aPrimrose, Pamela B.
_98846
245 1 0 _aComplete phlebotomy :
_bexam review /
_cPamela B. Primrose ; contributing editor, Tina Lewis.
260 _aMaryland Heights, Mo. :
_bSaunders/Elsevier,
_cc2011.
300 _a233 p. ;
_c27 cm.
504 _aIncludes bibliographical references and index.
650 0 _aPhlebotomy
_vExaminations, questions, etc.
_98847
650 2 _aPhlebotomy
_vExamination Questions.
_98848
650 2 _aPhlebotomy
_vOutlines.
_98849
700 1 _aLewis, Tina,
_d1969-
_98850
910 _a20100812/w/c;hc
942 _2lcc
_cSSLC
980 _a260410
_b42806
_e4231
_f969207
_g1
981 _aybp
_bMFORD
_d40017788706
999 _c13849
_d13849